| Tag |
First Indicator |
Second Indicator |
Subfields |
| LEADER |
00000cam a2200000 4500 |
| 001 |
in00000056357 |
| 005 |
20151007081909.0 |
| 008 |
720802r1965 eng u |
| 035 |
|
|
|a (OCoLC)00372298
|
| 035 |
|
|
|9 AAF7073AM
|
| 040 |
|
|
|c WSU
|d TXA
|d UtOrBLW
|
| 049 |
|
|
|a TXAM
|c [473500]
|
| 090 |
|
|
|a B1296
|b .A62 1965
|
| 092 |
|
|
|a 192
|b L8143a 1965
|
| 100 |
1 |
|
|a Aaron, Richard I.
|q (Richard Ithamar),
|d 1901-1987.
|
| 245 |
1 |
0 |
|a John Locke.
|
| 250 |
|
|
|a 2d ed.
|
| 264 |
|
1 |
|a Oxford :
|b Clarendon Press,
|c [1965]
|
| 300 |
|
|
|a 326 pages
|
| 336 |
|
|
|a text
|b txt
|2 rdacontent
|
| 337 |
|
|
|a unmediated
|b n
|2 rdamedia
|
| 338 |
|
|
|a volume
|b nc
|2 rdacarrier
|
| 504 |
|
|
|a Bibliography: pages [313]-320.
|
| 600 |
1 |
0 |
|a Locke, John,
|d 1632-1704.
|
| 999 |
|
|
|a MARS
|
| 999 |
f |
f |
|s f6841c33-8f07-37ac-9b13-b84a2615ac85
|i d0d1519f-e267-3a28-aee8-f567567c85a6
|t 0
|
| 952 |
f |
f |
|p ric
|a Texas A&M University
|b Rellis Campus
|c Joint Library Facility
|d Remote Storage
|t 0
|e B1296 .A62 1965
|h Library of Congress classification
|i unmediated -- volume
|m A14800542465
|
| 998 |
f |
f |
|a B1296 .A62 1965
|t 0
|l Remote Storage
|